Creepypastas - Statistiques

Statistiques générales
  • Ce quiz a été pris 174 fois
  • Le résultat moyen est 11 sur 54
Statistiques - réponses
Réponse % Correct
Slenderman
84%
Jeff The Killer
82%
Ben Drowned
55%
Sonic.exe
50%
Laughing Jack
48%
Eyeless Jack
46%
Jane The Killer
39%
Masky
39%
Ticci Toby
38%
Smile Dog
36%
Hoodie
35%
Clockwork
34%
Nina The Killer
34%
The Rake
32%
Offenderman
30%
Zalgo
28%
Herobrine
27%
Bloody Painter
25%
Laughing Jill
24%
Lost Silver
22%
Splendorman
22%
Jason The Toymaker
20%
The Puppeteer
20%
Judge Angel
18%
The Nurse Ann
18%
Homicidal Liu
17%
Sally Williams
17%
Suicide Mouse
17%
Lazari
15%
Zero
15%
Candy Pop
13%
Kagekao
13%
Trenderman
13%
Lulu
11%
Suicide Sadie
11%
Squidward
9%
Tenderman
9%
BOB
7%
Dr.Smiley
7%
Seedeater
7%
Candy Cane
5%
Kate The Chaser
5%
Pinkamena
5%
Tails Doll
5%
Nathan The Nobody
4%
Rainbow Factory
4%
The Chess Master
4%
The Doll Maker
3%
EEeEE
2%
Abandon Lonliness
1%
Grossman
1%
Lavander Town
1%
Nick Vanill
1%
Red Angel
1%
Aucun quiz correspondant
Distribution des résultats
% des personnes avec chaque résultat
Percentile par nombre de réponses
Votre historique - résultats
Vous n’avez pas pris ce quiz